[Event "ch-AUS"]
[Site "Melbourne AUS"]
[Date "2002.01.07"]
[Round "9"]
[White "Zhao Zong Yuan"]
[Black "Solomon,SJ"]
[Result "1/2-1/2"]
[WhiteElo "2387"]
[BlackElo "2385"]

1.d4 Nf6 2.Bg5 d5 3.Bxf6 exf6 4.e3 c6 5.c4 dxc4 6.Bxc4 Bd6 7.Nc3 O-O 8.Qc2 f5
9.Nf3 Nd7 10.O-O-O Qe7 11.Kb1 Nf6 12.Rhe1 a5 13.Nd2 Ng4 14.Nf1 a4 15.Bd3 a3
16.b3 Bb4 17.Re2 Nf6 18.Nd2 c5 19.dxc5 Bd7 20.e4 Rfc8 21.e5 Bxc3 22.Qxc3 Nd5
23.Qd4 Qxc5 24.Qxc5 Rxc5 25.Ka1 Nc3 26.Rc1 Rac8 27.Re3 f4 28.Rf3 g5 29.b4 R5c7
30.Nb1 Nd5 31.Rxc7 Rxc7 32.Be4 Nxb4 33.Nxa3 Bc6 34.Bxc6 Nxc6 35.Rb3 Nxe5
36.Rb5 Rc1+ 37.Nb1 Re1 38.Rxb7 Rf1 39.f3 h5 40.a4 Nc4 41.Rb5 f6 42.Rb4 Rc1
43.Ka2 Kf7 44.Na3 Na5 45.Rb5 Nc6 46.Rb1 Rxb1 47.Kxb1 Ke6 48.Kc2 Kd5 49.Kc3 f5
50.Nc4 g4 51.h3 Kc5 52.a5 Kb5 53.Nd6+ Kc5 54.Nxf5 gxh3 55.gxh3 Nxa5 56.Ng7 Kd5
57.Nxh5 Ke5  1/2-1/2

[Event "ch-AUS"]
[Site "Melbourne AUS"]
[Date "2002.01.08"]
[Round "10"]
[White "West,G"]
[Black "Berezina,I"]
[Result "1-0"]
[WhiteElo "2363"]
[BlackElo "2274"]

1.d4 Nf6 2.Bg5 c5 3.Nc3 cxd4 4.Qxd4 Nc6 5.Qh4 d6 6.e4 h6 7.f3 Bd7 8.O-O-O Qa5
9.Bd2 Rc8 10.Kb1 Qc7 11.Nd5 Nxd5 12.exd5 Ne5 13.Bc3 a5 14.f4 Ng4 15.Bb5 Bxb5
16.Qxg4 h5 17.Qf3 Bd7 18.f5 b5 19.Rd2 Qc4 20.Bd4 e6 21.dxe6 Bc6 22.Qf2 fxe6
23.fxe6 Qxe6 24.Nf3 Qf5 25.Re1+ Be7 26.Rde2 Rc7 27.Qh4 g5 28.Qxg5 Qxg5 29.Nxg5 Rh6
30.Ne6 Rxe6 31.Rxe6 Kf7 32.Rh6 Bg5 33.Rh7+  1-0

[Event "Troll Masters"]
[Site "Gausdal NOR"]
[Date "2002.01.10"]
[Round "8"]
[White "Rausis,I"]
[Black "Hoi,C"]
[Result "1-0"]
[WhiteElo "2466"]
[BlackElo "2407"]

1.d4 Nf6 2.Bg5 d5 3.e3 e6 4.c4 Be7 5.Nc3 O-O 6.Nf3 Ne4 7.Bxe7 Qxe7 8.Rc1 Nxc3
9.Rxc3 c6 10.Bd3 Nd7 11.Qc2 h6 12.O-O dxc4 13.Bxc4 b6 14.Bd3 c5 15.dxc5 Nxc5
16.Bh7+ Kh8 17.b4 Bb7 18.bxc5 Bxf3 19.gxf3 f5 20.c6 Qg5+ 21.Kh1 Qh5 22.Qe2 Kxh7
23.Rd1 Rac8 24.e4 Rf7 25.e5 Qh3 26.Kg1 f4 27.Qf1 Qh4 28.Qd3+ Rf5 29.Kf1 Rc7
30.Qe4 Qe7 31.Rd6 Kh8 32.Rcd3 Rf8 33.Rd7 Rxd7 34.Rxd7 Qc5 35.c7 Qc1+ 36.Kg2 Rf5
37.Rd8+  1-0

[Event "OSS GM"]
[Site "Oslo NOR"]
[Date "2002.01.17"]
[Round "7"]
[White "Glenne,BE"]
[Black "Bae,T"]
[Result "0-1"]
[WhiteElo "2235"]
[BlackElo "2318"]

1.d4 Nf6 2.Bg5 d5 3.Bxf6 exf6 4.e3 Bd6 5.c4 dxc4 6.Bxc4 O-O 7.Nd2 c5 8.Ngf3 Nc6
9.O-O Bg4 10.dxc5 Bxc5 11.Qc2 Qe7 12.Rac1 Bb6 13.h3 Bd7 14.Rfd1 f5 15.Nb3 Rad8
16.Nbd4 f4 17.exf4 Nxd4 18.Nxd4 Bxh3 19.Nf3 Rxd1+ 20.Rxd1 Bg4 21.Re1 Qf6
22.Ng5 g6 23.g3 Kg7 24.Re5 Bd4 25.Rd5 Bf5 26.Ne4 Qb6 27.Qd2 Rd8 28.Nc3 Rxd5
29.Bxd5 Bf6 30.Bf3 h5 31.b3 Qa6 32.Nd5 Ba1 33.Nc3 Kh7 34.Qc1 Qd3 35.Qxa1 Qxf3
36.Nd1 Be4 37.Kf1 Qh1+ 38.Ke2 Bf3+ 39.Kd2 Qf1 40.Qc1 Qe2+ 41.Kc3 Qxd1 42.Qe3 a6
43.a3 Qd5 44.b4 Be4 45.Kb2 Qc4 46.Qd2 Bd5 47.Qe3 Qe4 48.Qc5 Qc4 49.Qe3 Qa2+
50.Kc1 Bb3 51.Qc5 Qxa3+ 52.Kd2 Qb2+ 53.Ke3 Be6 54.Qb6 Qb3+ 55.Kd4 Qd5+ 56.Ke3 Kg7
57.Ke2 Bg4+ 58.Kf1 Qd1+ 59.Kg2 Bf3+ 60.Kh2 Qh1+  0-1

[Event "39th BPCL ch-IND"]
[Site "Nagpur IND"]
[Date "2002.01.18"]
[Round "3"]
[White "Saravanan,V"]
[Black "Kunte,A"]
[Result "1/2-1/2"]
[WhiteElo "2393"]
[BlackElo "2479"]

1.d4 Nf6 2.Bg5 g6 3.Bxf6 exf6 4.c4 f5 5.e3 Bg7 6.g3 O-O 7.Bg2 d6 8.Ne2 Nd7
9.Nbc3 Nf6 10.O-O Re8 11.Qd3 Qe7 12.Nd5 Qd8 13.Ndc3 Qe7  1/2-1/2

[Event "TCh-FIN 2001-02"]
[Site "FIN"]
[Date "2002.01.19"]
[Round "6"]
[White "Manninen,M"]
[Black "Salokangas,H"]
[Result "1-0"]
[WhiteElo "2423"]
[BlackElo "2219"]

1.d4 Nf6 2.Bg5 c5 3.Bxf6 gxf6 4.d5 Qb6 5.Qc1 f5 6.c4 Qh6 7.e3 Bg7 8.Nc3 O-O
9.Bd3 e6 10.Nge2 a5 11.Qd2 d6 12.O-O-O Nd7 13.h3 Ne5 14.g4 Nxd3+ 15.Qxd3 fxg4
16.hxg4 Qg6 17.e4 Bxc3 18.Nxc3 e5 19.f3 Bd7 20.Rh5 f6 21.Rdh1 Rf7 22.Qe3 Rg7
23.Ne2 a4 24.Rh6 Qf7 25.a3 b5 26.cxb5 Rb8 27.Nc3 Bxb5 28.Qf2 Be8 29.Qh4 Qb7
30.Rh2 Bg6 31.Qxf6 Qd7 32.Qe6+ Qxe6 33.dxe6 Re7 34.Nxa4 Rxe6 35.g5 Rf8 36.R6h3 Re7
37.Rd2 Ref7 38.Rxd6 Rxf3 39.Rxf3 Rxf3 40.Nxc5 Rg3 41.a4 Rxg5 42.a5 Rg1+ 43.Kc2 Ra1
44.b4 Kf7 45.Kb2  1-0

[Event "18th Open"]
[Site "Skopje MKD"]
[Date "2002.01.21"]
[Round "7"]
[White "Ilic,Z3"]
[Black "Jacimovic,D"]
[Result "0-1"]
[WhiteElo "2364"]
[BlackElo "2472"]

1.d4 Nf6 2.Bg5 c5 3.dxc5 e6 4.Nf3 Bxc5 5.e3 O-O 6.Nbd2 Nc6 7.Bd3 Be7 8.O-O b6
9.e4 d6 10.c3 Bb7 11.Qe2 Re8 12.Rfe1 h6 13.Bh4 Qc7 14.Nb3 Ne5 15.Nxe5 dxe5
16.Bxf6 Bxf6 17.Ba6 Red8 18.Red1 Bxa6 19.Qxa6 Qc6 20.f3 Bg5 21.a4 f5 22.Qb5 Qc7
23.Qe2 Rxd1+ 24.Rxd1 Rd8 25.Rxd8+ Qxd8 26.g3 Qd7 27.h4 Bf6 28.Qc4 Kh7 29.Kg2 f4
30.a5 fxg3 31.axb6 axb6 32.Kxg3 Qd1 33.Kg2 Bxh4 34.Qxe6 Qe2+ 35.Kh3 Qxf3+  0-1

[Event "Kaissa Open"]
[Site "Kharkov UKR"]
[Date "2002.01.25"]
[Round "4"]
[White "Dmitrenko,V"]
[Black "Gavrish,L"]
[Result "1-0"]
[WhiteElo "2324"]
[BlackElo "2030"]

1.d4 Nf6 2.Bg5 c5 3.d5 Qb6 4.Nc3 Qxb2 5.Bd2 Qb6 6.e4 d6 7.f4 Nbd7 8.Nf3 Qc7
9.Bb5 a6 10.Bxd7+ Nxd7 11.Qe2 b5 12.e5 Bb7 13.O-O b4 14.Ne4 dxe5 15.fxe5 Bxd5
16.Nd6+ Kd8 17.Nxf7+ Bxf7 18.e6 Bh5 19.Rad1 Qc6 20.Bf4 Ra7 21.Qe5 Bxf3 22.Qb8+ Qc8
23.Qxa7 Bc6 24.Rxd7+ Bxd7 25.Rd1  1-0

[Event "39th BPCL ch-IND"]
[Site "Nagpur IND"]
[Date "2002.01.31"]
[Round "15"]
[White "Ramesh,R"]
[Black "Kunte,A"]
[Result "1/2-1/2"]
[WhiteElo "2480"]
[BlackElo "2479"]

1.d4 Nf6 2.Bg5 g6 3.Bxf6 exf6 4.c4 f5 5.e3 Bg7 6.Nc3 O-O 7.g3 c5 8.Nge2 cxd4
9.exd4 Nc6 10.Bg2 f4 11.gxf4 d6 12.O-O Bg4 13.Qd2 Re8 14.f3 Bf5 15.d5 Qb6+
16.Kh1 Nd4 17.Nxd4 Qxd4 18.Qxd4 Bxd4 19.Ne4 Red8 20.Rfe1 Rac8 21.Bf1 b6 22.Rab1 Bg7
23.Kg2 h5 24.h4 Rc7 25.a4 Re7 26.Bd3 Rde8 27.b3 Kf8 28.Re2 Bf6 29.Kg3 Bd4
30.Rbe1 a5 31.Kg2 Bc5 32.Nxc5 Rxe2+ 33.Rxe2 Rxe2+ 34.Bxe2 bxc5 35.Bd1 Kg7
36.Kf2 Kf6 37.Ke3 Bb1 38.Kd2 Bf5 39.Be2 Bb1 40.Bd1 Bf5 41.Be2 Kg7 42.Bd3 Bd7
43.Ke3 Kh6 44.Kf2 f6 45.Kg3 Bc8 46.Be4  1/2-1/2

[Event "7th HIT Open"]
[Site "Nova Gorica SLO"]
[Date "2002.01.31"]
[Round "1"]
[White "Kovacevic,B"]
[Black "Stubljar,A"]
[Result "1-0"]
[WhiteElo "2443"]
[BlackElo "2153"]

1.d4 Nf6 2.Bg5 d5 3.e3 Nbd7 4.Bd3 b6 5.Nf3 Bb7 6.O-O h6 7.Bxf6 Nxf6 8.Ne5 Qd6
9.c4 e6 10.cxd5 Qxd5 11.Qa4+ c6 12.Ba6 Bxa6 13.Qxa6 Nd7 14.Nc3 Qd6 15.Qb7 Rb8
16.Qxa7 Nxe5 17.Ne4 Nf3+ 18.gxf3 Qd8 19.Rac1 f5 20.Rxc6 Be7 21.Ng3 Kf7 22.Rfc1 Re8
23.Rc7 Kg6 24.Rd7 Rc8 25.Rd1  1-0

[Event "Aeroflot Open"]
[Site "Moscow RUS"]
[Date "2002.02.05"]
[Round "2"]
[White "Sargissian,G"]
[Black "Shipov,S"]
[Result "1-0"]
[WhiteElo "2515"]
[BlackElo "2630"]

1.d4 Nf6 2.Bg5 d5 3.e3 c6 4.Nd2 Nbd7 5.Ngf3 g6 6.Bd3 Bg7 7.O-O O-O 8.c4 c5
9.Rc1 cxd4 10.exd4 dxc4 11.Nxc4 Nb6 12.Re1 Be6 13.Rxe6 fxe6 14.Qe2 Qd7 15.Nce5 Qd6
16.h4 Rad8 17.Re1 Nh5 18.Bc2 Bf6 19.g4 Ng7 20.h5 Nd5 21.hxg6 h6 22.Nf7 hxg5
23.Nxd6 exd6 24.Qb5 b6 25.Kg2 Be7 26.Kg3 Rf4 27.Bb3 Nc7 28.Qc6 Rdf8 29.Nd2 d5
30.Qxc7 Rxf2  1-0

[Event "FSGM February"]
[Site "Budapest HUN"]
[Date "2002.02.06"]
[Round "5"]
[White "Mensch,E"]
[Black "Balogh,C"]
[Result "1/2-1/2"]
[WhiteElo "2380"]
[BlackElo "2398"]

1.d4 Nf6 2.Bg5 d5 3.Bxf6 exf6 4.e3 Bd6 5.g3 O-O 6.Bg2 c6 7.Ne2 f5 8.O-O Nd7
9.b3 Nf6 10.c4 Be6 11.Qd3 a6 12.a4 h5 13.h4 Ne4 14.Nf4 Bxf4 15.exf4 dxc4
16.bxc4 Qf6 17.Nc3 Nxc3 18.Qxc3 Rfd8 19.Rfd1 c5 20.Bxb7 cxd4 21.Qa5 Rab8
22.Bxa6 d3 23.Bb5 Qd4 24.Rac1 g5 25.hxg5 h4 26.Qc3 Qe4 27.Qd2 h3 28.f3 Qxf3
29.Kh2 Rd4 30.Rf1 Qe4 31.Rfe1 Qb7 32.Re3 Rbd8 33.a5 Re4 34.a6 Qb6 35.Rce1 Rdd4
36.Kxh3 Kh7 37.Kg2 Kg6 38.Kh3 Bc8  1/2-1/2

[Event "13th Asian Cities"]
[Site "Aden YEM"]
[Date "2002.02.08"]
[Round "2"]
[White "Sarsam,S"]
[Black "Al Modiahki,M"]
[Result "1/2-1/2"]
[WhiteElo "2404"]
[BlackElo "2500"]

1.d4 Nf6 2.Bg5 d5 3.Bxf6 exf6 4.e3 Be6 5.Nd2 c6 6.Bd3 f5 7.Ne2 Bd6 8.c4 Nd7
9.Nc3 O-O 10.cxd5 cxd5 11.Qf3 Qb6 12.Rb1 g6 13.Nxd5 Qa5 14.Bc4 Rac8 15.Bb3 Bb4
16.Nxb4 Bxb3 17.axb3 Qxb4 18.Qd1 Qb5 19.Qe2 Qb4 20.O-O Rc2 21.Rfd1 Nc5 22.Rbc1 Rxc1
23.Rxc1 Nxb3 24.Nxb3 Qxb3 25.Rc3 Qb6 26.g3 Rd8 27.Rc5 Qe6  1/2-1/2

[Event "13th Asian Cities"]
[Site "Aden YEM"]
[Date "2002.02.09"]
[Round "3"]
[White "Torre,E"]
[Black "Ghaem Maghami,E"]
[Result "1/2-1/2"]
[WhiteElo "2536"]
[BlackElo "2513"]

1.d4 Nf6 2.Bg5 d5 3.e3 Nbd7 4.Nf3 g6 5.c4 c5 6.Nc3 Qa5 7.Qb3 Bg7 8.cxd5 O-O
9.Be2 cxd4 10.exd4 Nb6 11.Bxf6 Bxf6 12.O-O Bg4 13.Rad1 Rac8 14.Rfe1 Bxf3
15.Bxf3 Nc4 16.Bg4 Nxb2 17.Bxc8 Nxd1 18.Rxd1 Rxc8 19.Ne4 Bxd4 20.Qxb7 Qc7
21.Qxc7 Rxc7 22.g3 Bb6 23.d6 exd6 24.Rxd6 Rc4 25.Nf6+ Kg7 26.Nd7 Rd4 27.Rxd4 Bxd4
28.Kf1 f5 29.Nb8 Kf6 30.Nc6 Bc5 31.f4 Ke6 32.Ne5 Kd5 33.Ke2 g5 34.Nd7 gxf4
35.gxf4 Bd6 36.Nf6+ Kc4 37.Kf3 Kb4 38.Nd5+ Ka3 39.Ne3 Kxa2 40.Nxf5 Bf8 41.Ke4 a5
42.Kd3 Kb2 43.Ne3 a4 44.f5 Kb3 45.Nc4 Bg7 46.Nd2+ Kb4 47.Nc4 Bh8 48.h3 Bg7
49.Ne3 Kc5 50.Nc4 Bf6 51.Na3 h5 52.Nc4 h4 53.Na3 Be7 54.Nc4 Bd8 55.Na3 Bf6
56.Nc4 Bh8 57.Na3 Kd5 58.Nc4 Bd4 59.f6 Bc5 60.f7 Ke6 61.Nd2 Kxf7 62.Kc4 Be7
63.Nf3 Ke6 64.Nxh4 a3 65.Kb3 Bxh4  1/2-1/2

[Event "XVIII Open"]
[Site "Cappelle la Grande FRA"]
[Date "2002.02.10"]
[Round "2"]
[White "Saldano,H"]
[Black "Pushkov,N"]
[Result "0-1"]
[WhiteElo "2418"]
[BlackElo "2516"]

1.d4 Nf6 2.Bg5 d5 3.e3 e6 4.Nd2 Be7 5.Bd3 Nbd7 6.f4 b6 7.Qf3 Bb7 8.Nh3 h6
9.Bxf6 Nxf6 10.a4 a5 11.O-O Qd6 12.c3 g5 13.Nc4 dxc4 14.Qxb7 Qd5 15.Qxd5 Nxd5
16.Be4 Rd8 17.Rae1 O-O 18.Bb1 c6 19.fxg5 hxg5 20.e4 Nc7 21.Ba2 b5 22.axb5 cxb5
23.e5 Nd5 24.Rf3 Kg7 25.Rg3 Kh6 26.Re4 Rg8 27.Nf2 a4 28.Bb1 a3 29.bxa3 Ra8
30.h4 gxh4 31.Ng4+ Kh5 32.Nf6+ Nxf6 33.exf6 Rxg3 34.fxe7 Re8  0-1

[Event "75th KSU"]
[Site "Copenhagen DEN"]
[Date "2002.02.11"]
[Round "3"]
[White "Hector,J"]
[Black "De Firmian,N"]
[Result "1/2-1/2"]
[WhiteElo "2507"]
[BlackElo "2536"]

1.d4 Nf6 2.Bg5 c5 3.dxc5 e6 4.e4 Bxc5 5.Bd3 Qb6 6.Nh3 d5 7.exd5 Qxb2 8.Nd2 Qe5+
9.Kf1 exd5 10.Nf3 Qd6 11.Qe2+ Kf8 12.Re1 Bxh3 13.Bxf6 Bxg2+ 14.Kxg2 gxf6
15.Qe8+ Kg7 16.Nh4 Rxe8 17.Rxe8 Qf8 18.Nf5+ Kg8 19.Nh6+ Kh8 20.Nxf7+ Kg7
21.Rxf8 Bxf8 22.Nd8 Nc6 23.Ne6+  1/2-1/2

[Event "FSGM February"]
[Site "Budapest HUN"]
[Date "2002.02.12"]
[Round "11"]
[White "Kosanovic,G"]
[Black "Szeberenyi,A"]
[Result "1/2-1/2"]
[WhiteElo "2428"]
[BlackElo "2411"]

1.d4 Nf6 2.Bg5 d5 3.e3 Ne4 4.Bf4 c5 5.Nd2 Nxd2 6.Qxd2 cxd4 7.exd4 Nc6 8.Nf3 Bf5
9.Bd3 Bxd3 10.Qxd3 e6 11.O-O  1/2-1/2

[Event "Petrov Mem Open"]
[Site "St Petersburg RUS"]
[Date "2002.02.15"]
[Round "4"]
[White "Chepukaitis,G"]
[Black "Voitsekhovsky,S"]
[Result "1/2-1/2"]
[WhiteElo "2402"]
[BlackElo "2527"]

1.d4 Nf6 2.Bg5 d5 3.e3 c5 4.c3 Ne4 5.Bf4 Nc6 6.Nd2 Bf5 7.Ngf3 Qb6 8.Qb3 c4
9.Qxb6 axb6 10.Nxe4 Bxe4 11.Nd2 Bg6 12.a3 b5 13.Rc1 f6 14.Be2 e5 15.Bg3 h5
16.h4 O-O-O 17.O-O Bd6 18.Rfe1 Bc7 19.Nf3 Rhe8 20.Kh2 Na5 21.Bd1 Bd3  1/2-1/2

[Event "10th Open"]
[Site "Valle d'Aosta ITA"]
[Date "2002.02.15"]
[Round "7"]
[White "Zichichi,A"]
[Black "Acs,P"]
[Result "0-1"]
[WhiteElo "2313"]
[BlackElo "2526"]

1.d4 Nf6 2.Bg5 c5 3.d5 Ne4 4.Bc1 e6 5.c4 b5 6.Nc3 Nxc3 7.bxc3 Qf6 8.cxb5 exd5
9.Bb2 Bb7 10.Qd2 Bd6 11.Nf3 O-O 12.e3 a6 13.c4 d4 14.Be2 axb5 15.cxb5 Bc7
16.O-O Qh6 17.g3 Re8 18.a4 Ba5 19.Qc2 dxe3 20.Nh4 Be4 21.Qxc5 Bb6 22.Qc3 exf2+
23.Rxf2 d5 24.a5 Be3 25.Ra3 d4 26.Qc7 Bxf2+ 27.Kxf2 d3 28.Bf1 Qd2+  0-1

[Event "It"]
[Site "Morso DEN"]
[Date "2002.02.16"]
[Round "8"]
[White "Berg,K"]
[Black "Prusikhin,M"]
[Result "1/2-1/2"]
[WhiteElo "2418"]
[BlackElo "2519"]

1.d4 Nf6 2.Bg5 d5 3.e3 Ne4 4.Bf4 c5 5.Bd3 e6 6.Bxe4 dxe4 7.Nc3 cxd4 8.Qxd4 Qxd4
9.exd4 Bb4 10.Ne2 f5 11.O-O-O Nc6 12.Rhf1 O-O 13.f3 exf3 14.Rxf3 Bd7 15.d5 exd5
16.Nxd5 Be6 17.Nxb4 Nxb4 18.Bd6 Nxa2+ 19.Kb1 Rfd8 20.Rd4 a5 21.Rfd3 Bf7 22.b3 Rdc8
23.Be7 Re8 24.Rd8 Raxd8 25.Rxd8 Nb4 26.Nd4 Rxd8  1/2-1/2

[Event "75th KSU"]
[Site "Copenhagen DEN"]
[Date "2002.02.17"]
[Round "9"]
[White "Kristensen,Bj"]
[Black "De Firmian,N"]
[Result "0-1"]
[WhiteElo "2406"]
[BlackElo "2536"]

1.d4 Nf6 2.Bg5 c5 3.Bxf6 gxf6 4.d5 Qb6 5.Qc1 f5 6.g3 Bg7 7.c3 d6 8.Na3 Nd7
9.Nc4 Qa6 10.Ne3 Nf6 11.Nh3 Bh6 12.f4 Bd7 13.Bg2 e6 14.O-O O-O-O 15.Qd2 Rhe8
16.Rfe1 Re7 17.Nf2 Rde8 18.dxe6 fxe6 19.Red1 d5 20.Nd3 Qb6 21.Ne5 Bg7 22.b4 Ba4
23.bxc5 Qxc5 24.Qd4 Nd7 25.Qxc5+ Nxc5 26.Rd4 Bc6 27.Rb4 Nd7 28.Nxc6 bxc6
29.Rc1 Nb6 30.Bf3 Rb7 31.Kg2 Bf8 32.Rb3 Bc5 33.Nc2 a5 34.Bh5 Ree7 35.Nd4 a4
36.Rbb1 Kc7 37.e3 Nc4 38.Kf2 Kd6 39.Be2 Nd2 40.Rxb7 Rxb7 41.Rc2 Ne4+ 42.Kf3 Bxd4
43.cxd4 a3 44.Bd3 Rb2 45.g4 fxg4+  0-1

[Event "Bundesliga 2001-2"]
[Site "Porz GER"]
[Date "2002.02.23"]
[Round "8"]
[White "Hodgson,Ju"]
[Black "Paehtz,T"]
[Result "1-0"]
[WhiteElo "2598"]
[BlackElo "2472"]

1.d4 Nf6 2.Bg5 c5 3.d5 Qb6 4.Nc3 h6 5.Bd2 e5 6.e4 d6 7.Nge2 a6 8.a4 Qc7 9.a5 Nbd7
10.Ng3 g6 11.Be2 h5 12.Nf1 Bh6 13.Bxh6 Rxh6 14.Qd2 Rh8 15.Ne3 Kf8 16.O-O Kg7
17.Nc4 b5 18.axb6 Nxb6 19.Na5 c4 20.f4 Qc5+ 21.Kh1 Ng4 22.Nc6 Bd7 23.Bxg4 Bxc6
24.Bh3 Bd7 25.fxe5 dxe5 26.Rf3 Bxh3 27.Rxh3 f6 28.Rf1 Qd6 29.Nd1 Rac8 30.Ra3 Nd7
31.Ne3 c3 32.Rxc3 Qb4 33.Qd3 Nc5 34.Qc4 Qxb2 35.d6 Rhd8 36.Nf5+ gxf5 37.Rg3+ Kh8
38.Qf7 Qb7 39.Qxf6+ Kh7 40.Qg6+  1-0

[Event "Open"]
[Site "Malaga ESP"]
[Date "2002.02.24"]
[Round "3"]
[White "Bellon Lopez,JuM"]
[Black "Jaime Montalvan,L"]
[Result "0-1"]
[WhiteElo "2461"]
[BlackElo "2248"]

1.d4 Nf6 2.Bg5 d5 3.Bxf6 exf6 4.e3 Bd6 5.c4 dxc4 6.Bxc4 O-O 7.Nc3 c6 8.Qc2 f5
9.Nf3 Nd7 10.Bd3 g6 11.h4 Nf6 12.O-O-O h5 13.Rhe1 Qa5 14.Kb1 Re8 15.Ng5 Be6
16.Nxe6 Rxe6 17.Bc4 Re7 18.e4 fxe4 19.f3 Bg3 20.Re2 Qb4 21.Bb3 Rd8 22.a3 Qb6
23.fxe4 Rxd4 24.e5 Rxd1+ 25.Nxd1 Nd5 26.e6 f5 27.Bxd5 cxd5 28.Qc8+ Kh7 29.Nc3 Qc6
30.Qf8 Bxh4 31.g3 Bg5 32.g4 d4 33.gxf5 dxc3 34.f6 Rc7 35.e7 c2+ 36.Rxc2 Qxc2+
37.Ka2 Qc4+ 38.Ka1 Qc1+ 39.Ka2 Qc4+ 40.Ka1 Qf1+ 41.Ka2 Bxf6  0-1

[Event "Jersey Open"]
[Site "St Helier JCI"]
[Date "2002.02.24"]
[Round "1"]
[White "Ward,C"]
[Black "Hawes,J"]
[Result "1-0"]
[WhiteElo "2486"]
[BlackElo "2139"]

1.d4 Nf6 2.Bg5 g6 3.Bxf6 exf6 4.e3 Bg7 5.h4 d6 6.h5 f5 7.Ne2 Nd7 8.Nd2 Qe7
9.c3 c6 10.hxg6 fxg6 11.Nf4 Nf6 12.g3 Be6 13.Bg2 Bf7 14.Bf3 h5 15.Qc2 d5
16.Be2 Ne4 17.Nf3 g5 18.Nd3 O-O-O 19.Nfe5 Bxe5 20.Nxe5 h4 21.g4 fxg4 22.Bxg4+ Kb8
23.O-O-O Rh6 24.Bf5 Nf6 25.Rdg1 Rg8 26.f3 Rhh8 27.Qh2 Ka8 28.Qh3 Bh5 29.Rg2 c5
30.Rhg1 cxd4 31.cxd4 Be8 32.Kb1  1-0

[Event "Open"]
[Site "Malaga ESP"]
[Date "2002.02.28"]
[Round "7"]
[White "Bellon Lopez,JuM"]
[Black "Rodriguez Vinuesa,A"]
[Result "0-1"]
[WhiteElo "2461"]
[BlackElo "2067"]

1.d4 Nf6 2.Bg5 c5 3.Bxf6 gxf6 4.d5 Qb6 5.Qc1 Bg7 6.e3 f5 7.c3 d6 8.Nh3 Nd7
9.a4 Nf6 10.Bc4 e6 11.Nf4 Ke7 12.O-O Bd7 13.Qc2 Rag8 14.Rd1 Qd8 15.Nd2 e5
16.Ne2 h5 17.b4 cxb4 18.cxb4 h4 19.Rac1 Qb8 20.f4 Ng4 21.Nf1 h3 22.g3 e4
23.Qb3 Rc8 24.Nd4 Bxd4 25.exd4 b5 26.Be2 bxa4 27.Qb1 Rxc1 28.Rxc1 Qb6 29.Rd1 Nf6
30.Ne3 Rb8 31.b5 a6 32.Qb4 axb5 33.Rc1 Qb7 34.Rc6 Ne8 35.Rc2 Qa7 36.Bf1 Ra8
37.Ra2 Qa5 38.Nc2 Qxb4 39.Nxb4 Rc8 40.Rc2 Rxc2 41.Nxc2 Nf6 42.Nb4 Kd8 43.Bxh3 Kc7
44.Bf1 Kb6 45.h4 a3 46.Kf2 Ka5 47.Na2 Ka4 48.Nc1 Kb4  0-1

[Event "Open"]
[Site "Malaga ESP"]
[Date "2002.03.02"]
[Round "9"]
[White "Bellon Lopez,JuM"]
[Black "Vinas Guerrero,C"]
[Result "1-0"]
[WhiteElo "2461"]
[BlackElo "2097"]

1.d4 d5 2.Bg5 Nf6 3.Bxf6 exf6 4.e3 Bf5 5.Bd3 Bxd3 6.Qxd3 c6 7.Ne2 Bd6 8.O-O O-O
9.c4 dxc4 10.Qxc4 f5 11.Nd2 Nd7 12.Rfd1 Nb6 13.Qb3 Qe7 14.Nc4 Nd5 15.Nc3 Rfd8
16.Nxd5 cxd5 17.Nxd6 Rxd6 18.Rac1 Qd7 19.Rc5 b6 20.Rc3 Rc8 21.Rdc1 Rdc6 22.a4 g6
23.a5 Rxc3 24.bxc3 bxa5 25.Ra1 a4 26.Qxa4 Qxa4 27.Rxa4 Rxc3 28.g4 Rc7 29.gxf5 gxf5
30.Ra6 Rd7 31.Kg2 Kg7 32.Kf3 f6 33.Kf4 Kg6 34.h4 h5 35.Ra5 Re7 36.f3 Rd7
37.Ra4 Rg7 38.Ra2 Rd7 39.Ra5 Re7 40.Ra6 Rb7 41.Rd6 Rb5 42.Rd8 Ra5 43.Rd7 a6
44.Rd6 Ra1 45.Rxd5 Rh1 46.Ra5 Rxh4+ 47.Kg3 Rh1 48.Rxa6 Rg1+ 49.Kf4 h4 50.Ra8 Rh1
51.Ra2 h3 52.Rd2 h2 53.d5 Kf7 54.d6 Rf1 55.Rxh2 Rd1 56.Rh7+ Ke6 57.d7 Rd2
58.Rh5 Rxd7 59.Rxf5 Ra7 60.Rc5 Ra4+ 61.Kg3 Ra1 62.e4 Rg1+ 63.Kf4 Re1  1-0

[Event "FSIMA March"]
[Site "Budapest HUN"]
[Date "2002.03.07"]
[Round "6"]
[White "Ashok,K"]
[Black "Bognar,C"]
[Result "1-0"]
[WhiteElo "2182"]
[BlackElo "2215"]

1.d4 Nf6 2.Bg5 d5 3.Nc3 e6 4.e4 dxe4 5.Nxe4 Be7 6.Bxf6 Bxf6 7.Nf3 Be7 8.Bd3 Nd7
9.Qe2 O-O 10.O-O-O Nf6 11.h4 Nxe4 12.Qxe4 f5 13.Qe2 Re8 14.Kb1 Bf6 15.Bc4 c6
16.Ne5 Qc7 17.Qh5 Re7 18.f4 b5 19.Bd3 Bd7 20.Qf3 Bxe5 21.dxe5 Rd8 22.Be2 Be8
23.Rxd8 Qxd8 24.Rd1 Rd7 25.Rxd7 Qxd7 26.Qd3 Qxd3 27.cxd3 Kf8 28.Kc2 h5 29.Kc3 Ke7
30.a4 bxa4 31.Kb4 Kd7 32.Kc5 a3 33.bxa3 Kc7 34.d4 g6 35.Bd1 Bd7 36.Ba4 Be8
37.d5 exd5 38.e6 d4 39.Bc2 Kb7 40.Kxd4 Kb6 41.Ke5 Kc5 42.Ba4 a6 43.g3 a5
44.Bb3 Kb5 45.Kd6 c5 46.Ke7 Bc6 47.Kd6 Be8 48.Bd5 c4 49.Ke7 c3 50.Bb3 Bc6
51.Kf7 Kc5 52.Kxg6 Bd5 53.e7 Bc6 54.Kxf5 Kd4 55.Bc2 Ke3 56.Ke6 Kd2 57.Bg6 c2
58.Bxc2 Kxc2 59.f5  1-0

[Event "Open"]
[Site "Reykjavik ISL"]
[Date "2002.03.09"]
[Round "3"]
[White "Kjartansson,G"]
[Black "Jonasson,B"]
[Result "0-1"]
[WhiteElo "2060"]
[BlackElo "2267"]

1.d4 Nf6 2.Bg5 d5 3.Bxf6 gxf6 4.e3 c6 5.c4 e6 6.a3 Nd7 7.Nc3 f5 8.Nf3 Bd6
9.Qc2 a6 10.Bd3 Nf6 11.O-O O-O 12.c5 Bc7 13.Nd2 Kh8 14.f4 Ne4 15.Ndxe4 fxe4
16.Be2 f6 17.Bg4 Qe7 18.b4 Bd7 19.Ne2 Rg8 20.Bh3 Raf8 21.Qd2 Rg7 22.Rf2 Rfg8
23.Kh1 Be8 24.f5 e5 25.Raf1 exd4 26.Nxd4 Qe5 27.g4 h5 28.Ne6 hxg4 29.Nxg7 Rxg7
30.Rf4 gxh3 31.Rh4+ Rh7 32.Rxh7+ Kxh7 33.Qe2 Kh6  0-1

[Event "TCh-AUT 2001-2"]
[Site "Dornbirn AUT"]
[Date "2002.03.10"]
[Round "11"]
[White "Wells,P"]
[Black "Popovic,P"]
[Result "1/2-1/2"]
[WhiteElo "2517"]
[BlackElo "2533"]

1.d4 Nf6 2.Bg5 c5 3.Bxf6 gxf6 4.d5 Qb6 5.Qc1 f5 6.g3 Bg7 7.c3 d6 8.Nd2 Nd7
9.Bg2 Nf6 10.Nh3 O-O 11.O-O e6 12.dxe6 Bxe6 13.Nf4 d5 14.c4 Rad8 15.Qc2 d4
16.a3 Bh6 17.Nd3 Kh8 18.Rab1 Bxd2 19.Qxd2 Bxc4 20.Rfc1 Bxd3 21.exd3 Qd6 22.Bxb7 Ng4
23.Qg5 Qd7 24.Bg2 f6 25.Qh5 Rg8 26.Rxc5 Rg5 27.Qh4 Qf7 28.Rxf5  1/2-1/2

[Event "Mediteran Cup IM"]
[Site "Rijeka CRO"]
[Date "2002.03.14"]
[Round "7"]
[White "Doric,D"]
[Black "Vukic,M"]
[Result "1/2-1/2"]
[WhiteElo "2253"]
[BlackElo "2500"]

1.d4 Nf6 2.Bg5 d5 3.Bxf6 exf6 4.e3 Be6 5.g3 c6 6.Nd2 f5 7.Ne2 Bd6 8.Bg2 Nd7
9.O-O Nf6 10.c3 O-O 11.Rc1 Ne4 12.Nf4 Bxf4 13.exf4 Qd7 14.f3 Nd6 15.Re1 Rfe8
16.Qc2 f6 17.Nb3 b6 18.Re2 Bf7 19.Rce1 g6 20.Bf1 Kf8 21.Rxe8+ Rxe8 22.Rxe8+ Qxe8
23.Qe2 Qc8 24.Qe3 a5 25.a3 a4 26.Nc1 Qe6 27.Qxe6 Bxe6 28.Nd3 Bd7 29.Nb4 Ke7
30.Be2 Ke6 31.Nd3 Nb7 32.Kf2 Kd6 33.Ke3 Na5 34.Nb4 c5 35.Nc2 Nc6 36.Bd3 Na7
37.Be2 Nc6 38.Bd3 Nd8 39.Be2 Kc6 40.Bd3 Ne6 41.Be2 Nc7 42.Bd3 Kd6 43.Be2 Ke6
44.Bd3 Ne8 45.Be2 Nd6 46.Bd3 Ke7 47.Be2 Kd8 48.Bd3 Kc7 49.Be2 Kb7 50.Bd3 Ka7
51.Be2 Bc8 52.Kd2 Kb7 53.Ne3 Be6 54.Bd1 cxd4 55.cxd4 b5 56.Be2 Kb6  1/2-1/2

[Event "Bundesliga 2001-2"]
[Site "Stuttgart GER"]
[Date "2002.03.16"]
[Round "10"]
[White "Hall,Je"]
[Black "Sokolov,And"]
[Result "0-1"]
[WhiteElo "2496"]
[BlackElo "2614"]

1.d4 Nf6 2.Bg5 d5 3.Bxf6 exf6 4.e3 Bd6 5.c4 dxc4 6.Bxc4 O-O 7.Nc3 f5 8.Nge2 Nd7
9.O-O Nf6 10.g3 c6 11.Qc2 g6 12.Rfd1 b5 13.Bd3 Rb8 14.Nf4 Bxf4 15.gxf4 Be6
16.b4 a5 17.Rab1 axb4 18.Rxb4 Nd5 19.Rb2 Qh4 20.Ne2 Nf6 21.f3 Bd5 22.Rf1 Rbe8
23.Qd2 Re6 24.Nc3 Rfe8 25.Nd1 Ra8 26.Qg2 Kf8 27.Rff2 Ra3 28.Be2 Ng4 29.e4 Nxf2
30.Nxf2 Bxe4  0-1

[Event "Bundesliga 2001-2"]
[Site "Stuttgart GER"]
[Date "2002.03.17"]
[Round "11"]
[White "Teske,H"]
[Black "Gallagher,Jo"]
[Result "1/2-1/2"]
[WhiteElo "2522"]
[BlackElo "2503"]

1.d4 Nf6 2.Bg5 c5 3.Bxf6 gxf6 4.dxc5 Na6 5.Nd2 Nxc5 6.g3 f5 7.c3 Bg7 8.Bg2 d5
9.Ngf3 e6 10.O-O O-O 11.Nd4 Bd7 12.e3 Rc8 13.Qe2 Qb6 14.N2b3 Ne4 15.Rfd1 a5
16.Rab1 Rfd8 17.Bf1 Nd6 18.Nd2 e5 19.Nc2 Be6 20.Nf3 Bf6 21.Na3 Kh8 22.Rbc1 Rg8
23.Bg2 Qc5 24.Ne1 b5 25.Nb1 Rgd8 26.Nd2 Qb6 27.Nd3 b4 28.cxb4 axb4 29.Nb3 Nc4
30.Qh5 Rg8 31.Bh3 Rg5 32.Qe2 Rgg8 33.Rc2 Ra8 34.Ndc1 f4 35.Bxe6 fxe6 36.exf4 exf4
37.Kh1 fxg3 38.hxg3 Rg6 39.Kg2 Bg7 40.Rh1 Rf8 41.Nd3 Qd6 42.Nd2 Nxd2 43.Qxd2 Rg4
44.Qe2 Rg6 45.Rh5 Bd4 46.Ne5 Bxe5 47.Rxe5 Qb6 48.Qd3 Rgf6 49.f4 Qa7 50.a3 bxa3
51.bxa3 Qg7 52.Rf2 Rg6 53.Re3 Qa1 54.Qe2 Rfg8 55.Qb2+ Qxb2 56.Rxb2 h5  1/2-1/2

[Event "Spring Festival"]
[Site "Budapest HUN"]
[Date "2002.03.20"]
[Round "6"]
[White "Zalai,M"]
[Black "Berczes,C"]
[Result "0-1"]
[WhiteElo "2152"]
[BlackElo "2244"]

1.d4 Nf6 2.Bg5 d5 3.Bxf6 exf6 4.e3 Bd6 5.c4 dxc4 6.Bxc4 O-O 7.Nc3 c6 8.Nge2 Nd7
9.Qc2 f5 10.h4 Nf6 11.h5 Ng4 12.g3 Re8 13.Nf4 Bxf4 14.gxf4 Qxd4 15.Ne2 Qe4
16.Qxe4 fxe4 17.Ng3 h6 18.Ke2 Nf6 19.Rad1  0-1